| 000 | 00511cad a22001935a 4500 | ||
|---|---|---|---|
| 001 | L160056 | ||
| 008 | 150226s2018 xxk f 000 0 eng d | ||
| 035 | _a(Sirsi) u160056 | ||
| 041 | 0 | _aeng | |
| 100 | 1 | _aBlackman, David | |
| 245 | 0 | 0 | _aBuried treasure |
| 260 | _c2018 | ||
| 490 |
_aModus _vApril 2018, 36-37(2) |
||
| 520 | _aLooks at the success of new subterranean extension in the Tate Gallery. | ||
| 590 | _aKA | ||
| 650 | 2 | 4 | _aGALLERIES |
| 690 | _aBUILDING AND CONSTRUCTION-PROJECTS | ||
| 942 | _n0 | ||
| 999 |
_c85165 _d85165 |
||